000
00308nam a22001337a 4500
020
_q
PB.
040
_c
FIZZA ISHAQ
082
_a
005.754
_b
ELA
100
_a
ELROM,ELAD.
_9
29184
245
_a
THE BLOCKCHAIN DEVELOPER /
_c
ELAD ELROM.
260
_a
NEW YORK ;
_c
2019.
300
_a
513 P. ;
942
_2
ddc
_c
BK
999
_c
589940
_d
589940